Capítulos de la Biblia - Estadísticas

Estadísticas generales
  • Esta prueba ha sido intentada 14 veces
  • La puntuación promedio es 19 de 82
Estadísticas de respuestas
Libro Capítulos % Correcto
2 Juan 1
64%
3 Juan 1
64%
Rut 4
64%
1 Juan 5
64%
Génesis 50
64%
Judas 1
55%
Marcos 16
55%
Mateo 28
55%
Eclesiastés 12
45%
Salmos 150
45%
Juan 21
45%
Lucas 24
45%
Abdías 1
36%
Filemón 1
36%
Ester 10
36%
Daniel 12
36%
Apocalipsis 22
36%
2 Pedro 3
36%
Proverbios 31
36%
Jonás 4
36%
Job 42
36%
1 Pedro 5
36%
Isaías 66
36%
Cantares 8
36%
Hebreos 13
27%
Josué 24
27%
Levítico 27
27%
Joel 3
27%
2 Tesalonicenses 3
27%
Tito 3
27%
Deuteronomio 34
27%
Colosenses 4
27%
2 Timoteo 4
27%
Éxodo 40
27%
Lamentaciones 5
27%
1 Tesalonicenses 5
27%
Santiago 5
27%
Jeremías 52
27%
1 Timoteo 6
27%
Esdras 10
18%
Nehemías 13
18%
2 Corintios 13
18%
Romanos 16
18%
1 Corintios 16
18%
Hageo 2
18%
Jueces 21
18%
Hechos 28
18%
Nahúm 3
18%
Habacuc 3
18%
Sofonías 3
18%
Números 36
18%
Malaquías 4
18%
Filipenses 4
18%
Ezequiel 48
18%
Gálatas 6
18%
Efesios 6
18%
Miqueas 7
18%
Zacarías 14
9%
Salmos Ortodoxos 151|155
9%
1 Reyes 22
9%
1 Samuel 31
9%
Amós 9
9%
Oración de Manasés 1
0%
Enoc (1 Enoc) 108
0%
Daniel Católico 14
0%
Oseas 14
0%
Tobit 14
0%
2 Macabeos 15
0%
Ester católica 16
0%
Judit 16
0%
1 Macabeos 16
0%
4 Macabeos (Apéndice) 18
0%
Sabiduría (de Salomón) 19
0%
2 Samuel 24
0%
2 Reyes 25
0%
1 Crónicas 29
0%
2 Crónicas 36
0%
Jubileos 50
0%
Eclesiástico/ Siracides 51
0%
Baruc 6
0%
3 Macabeos 7
0%
1 Esdras 9
0%
No se encontraron pruebas coincidentes
Distribución de puntuación
Porcentaje de gente con cada puntuación
Porcentaje por número respondido
Historial de tus puntuaciones
No has intentado esta prueba.